Statistics for Countries that do NOT use Roman alphabet

Click here to take the quiz!

General Stats

  • This quiz has been taken 676 times
  • The average score is 37 of 46

Answer Stats

Countries% Correct
China
97%
Russia
97%
Japan
95%
Iran
93%
Iraq
93%
South Korea
91%
North Korea
90%
Saudi Arabia
89%
Egypt
88%
Israel
88%
Oman
88%
Yemen
88%
United Arab Emirates
87%
Algeria
86%
Thailand
86%
Afghanistan
84%
Jordan
84%
Kazakhstan
84%
Libya
84%
Morocco
84%
Qatar
84%
Syria
84%
Ukraine
84%
Bahrain
81%
Kuwait
81%
Laos
81%
Lebanon
81%
Cambodia
80%
Mongolia
80%
Kyrgyzstan
79%
Armenia
78%
Belarus
78%
Tajikistan
78%
Tunisia
77%
Bhutan
76%
Nepal
76%
Georgia
75%
Greece
75%
Myanmar
75%
Taiwan
74%
Bangladesh
70%
Sri Lanka
67%
Bulgaria
66%
Ethiopia
63%
Maldives
52%
Macedonia
48%

Score Distribution

Percentile by Number Answered

Percent of People with Each Score

Your Score History

You have not taken this quiz